[Event "Preferente Aragonesa 2024 - Grupo II"]
[Site "?"]
[Date "2024.02.17"]
[Round "4.61"]
[White "Ramo Frontinan, Cristobal"]
[Black "Larrosa Poves, Jose Manuel"]
[Result "1-0"]
[WhiteElo "2310"]
[BlackElo "1876"]
[PlyCount "55"]
[GameId "2166508126265674"]
[EventDate "2024.01.27"]
[WhiteTeam "Maristas"]
[BlackTeam "Agrupacion B"]

1. e4 c5 2. Nf3 e6 3. d3 Nc6 4. g3 Be7 5. Bg2 Nf6 6. O-O O-O 7. Nbd2 d6 8. c3 e5 9. a3 a5 10. a4 h6 11. Nc4 Be6 12. Qe2 Qc7 13. Ne3 d5 14. Nh4 dxe4 15. dxe4 g6 16. Nd5 Bxd5 17. exd5 Nb8 18. Bxh6 Re8 19. f4 exf4 20. Bxf4 Bd6 21. Bxd6 Rxe2 22. Bxc7 Ne8 23. d6 Nxc7 24. dxc7 Nc6 25. Bxc6 bxc6 26. Rad1 Ree8 27. Rd7 Rf8 28. Nxg6 1-0

[Event "Preferente Aragonesa 2024 - Grupo II"]
[Site "?"]
[Date "2024.02.17"]
[Round "4.62"]
[White "Palasi Mainar, Miguel Angel"]
[Black "Neila Castillo, Miguel Angel"]
[Result "0-1"]
[WhiteElo "1814"]
[BlackElo "2140"]
[PlyCount "138"]
[GameId "2166508126368075"]
[EventDate "2024.01.27"]
[WhiteTeam "Agrupacion B"]
[BlackTeam "Maristas"]

1. e4 Nc6 2. Nf3 e5 3. Bc4 Be7 4. O-O Nf6 5. Re1 O-O 6. c3 Nxe4 7. Bd5 Nf6 8. Bxc6 dxc6 9. Nxe5 Be6 10. d4 c5 11. Be3 cxd4 12. Qxd4 Nd5 13. Nd2 c5 14. Qd3 Qc7 15. Ndf3 Rad8 16. Bd2 h6 17. Qe2 Bf6 18. c4 Ne7 19. Bc3 Nf5 20. Rad1 Rxd1 21. Rxd1 Rd8 22. Re1 Nd4 23. Bxd4 cxd4 24. b3 Bf5 25. Nd3 Qa5 26. Rc1 Bxd3 27. Qxd3 Qxa2 28. Rd1 Qb2 29. g3 Re8 30. Kf1 Qc3 31. Ng1 Qxd3+ 32. Rxd3 g5 33. f4 g4 34. Kf2 Kg7 35. h4 Kg6 36. Ne2 Rd8 37. Nc1 Kf5 38. Rd2 Re8 39. Re2 Rc8 40. Ra2 a6 41. Ra5+ Ke4 42. Ke2 d3+ 43. Nxd3 Bd4 44. Ne5 Bxe5 45. Rxe5+ Kd4 46. Kd2 Rc7 47. Rh5 Rc6 48. Rf5 f6 49. Rh5 Ke4 50. Rxh6 Kf3 51. Rg6 Kxg3 52. h5 Kxf4 53. h6 Rc8 54. h7 Rh8 55. Rxf6+ Kg3 56. Rf7 Kh2 57. Rxb7 g3 58. Rg7 g2 59. Kc3 g1=Q 60. Rxg1 Kxg1 61. Kb4 Rxh7 62. Ka5 Kf2 63. b4 Ke3 64. Kxa6 Kd4 65. c5 Kd5 66. Kb6 Rh6+ 67. Kb7 Rc6 68. Ka7 Kc4 69. Kb7 Kb5 0-1

[Event "Preferente Aragonesa 2024 - Grupo II"]
[Site "?"]
[Date "2024.02.17"]
[Round "4.63"]
[White "Naya Sancho, Jose Ignacio"]
[Black "Guerra Perez, Rafael"]
[Result "1-0"]
[WhiteElo "2102"]
[BlackElo "1803"]
[PlyCount "51"]
[GameId "2166508126413132"]
[EventDate "2024.01.27"]
[WhiteTeam "Maristas"]
[BlackTeam "Agrupacion B"]

1. Nf3 d5 2. d4 c5 3. e3 Nc6 4. Nbd2 cxd4 5. exd4 Nf6 6. Bb5 a6 7. Bxc6+ bxc6 8. O-O e6 9. Re1 Bd6 10. c4 O-O 11. c5 Bc7 12. Ne5 Bxe5 13. Rxe5 Nd7 14. Re3 e5 15. dxe5 d4 16. Rg3 Nxc5 17. Qh5 Re8 18. Qh6 Ne6 19. Ne4 Kh8 20. Rxg7 Nxg7 21. Ng5 Kg8 22. Qxh7+ Kf8 23. Qh8+ Ke7 24. Qxg7 Be6 25. Nxf7 Rg8 26. Qf6+ 1-0

[Event "Preferente Aragonesa 2024 - Grupo II"]
[Site "?"]
[Date "2024.02.17"]
[Round "4.64"]
[White "Casasnovas Sanchez, Raul"]
[Black "Campo Millan, Diego"]
[Result "0-1"]
[WhiteElo "1604"]
[BlackElo "2060"]
[PlyCount "114"]
[GameId "2166508126454093"]
[EventDate "2024.01.27"]
[WhiteTeam "Agrupacion B"]
[BlackTeam "Maristas"]

1. e4 c5 2. d4 cxd4 3. c3 d3 4. Bxd3 d6 5. c4 Nf6 6. h3 a6 7. Nf3 g6 8. O-O Bg7 9. Nc3 O-O 10. Be3 Nbd7 11. Qe2 b6 12. Rfd1 Bb7 13. Rac1 Rc8 14. Bb1 Re8 15. b3 Qc7 16. Nd5 Qb8 17. Qd2 Bc6 18. Nd4 Ba8 19. Bd3 Nc5 20. Qc2 Nxd3 21. Qxd3 Nd7 22. Nf3 Nc5 23. Qb1 e6 24. Nc3 b5 25. cxb5 Bxc3 26. Rxc3 Bxe4 27. Qb2 Bxf3 28. gxf3 axb5 29. Qd2 Nb7 30. Bh6 Rxc3 31. Qxc3 e5 32. Qc6 b4 33. Rc1 Nc5 34. Rd1 Nb7 35. Qb5 Qc8 36. Kg2 Rd8 37. Bg5 Qd7 38. Qxb4 Rc8 39. Qd2 Qf5 40. Be3 e4 41. f4 Qh5 42. Rc1 Rxc1 43. Qxc1 Nc5 44. Bxc5 dxc5 45. Qe3 Qd5 46. a4 Kf8 47. f3 f5 48. fxe4 fxe4 49. Kg3 Ke8 50. Qc3 Qd4 51. Qc4 Qe3+ 52. Kg4 Qf3+ 53. Kg5 Qg3+ 54. Kh6 Qxf4+ 55. Kxh7 Qf7+ 56. Qxf7+ Kxf7 57. a5 e3 0-1

[Event "Preferente Aragonesa 2024 - Grupo II"]
[Site "?"]
[Date "2024.02.17"]
[Round "4.65"]
[White "Carraminana Lopez, Luis Antonio"]
[Black "Chueca Lorente, Javier"]
[Result "1-0"]
[WhiteElo "1865"]
[BlackElo "2175"]
[PlyCount "45"]
[GameId "2166508126486862"]
[EventDate "2024.01.27"]
[WhiteTeam "Helios B"]
[BlackTeam "MyInvestor Casablanca C"]

1. e4 c5 2. Nf3 g6 3. c3 d5 4. e5 Nc6 5. d4 Bg4 6. Bb5 Nh6 7. dxc5 e6 8. Qa4 Rc8 9. Bxh6 Bxf3 10. Bxf8 Bxg2 11. Bg7 Bxh1 12. Bxh8 Qg5 13. Nd2 Qg1+ 14. Nf1 d4 15. O-O-O dxc3 16. Qd4 cxb2+ 17. Kb1 Kf8 18. Bxc6 Bxc6 19. Qd6+ Ke8 20. Bf6 Be4+ 21. Kxb2 Qxf2+ 22. Rd2 Qxc5 23. Qd8+ 1-0

[Event "Preferente Aragonesa 2024 - Grupo II"]
[Site "?"]
[Date "2024.02.17"]
[Round "4.66"]
[White "Miranda Herrera, Belen"]
[Black "Lorente Melcon, Hector"]
[Result "1-0"]
[WhiteElo "1823"]
[BlackElo "1795"]
[PlyCount "81"]
[GameId "2166508126523727"]
[EventDate "2024.01.27"]
[WhiteTeam "MyInvestor Casablanca C"]
[BlackTeam "Helios B"]

1. e4 c5 2. Nf3 e6 3. d3 d5 4. Qe2 Nf6 5. g3 Nc6 6. Bg2 Be7 7. O-O O-O 8. e5 Nd7 9. c4 a6 10. Bf4 b5 11. h4 Nb6 12. Nbd2 bxc4 13. dxc4 a5 14. Rfd1 Ba6 15. b3 a4 16. h5 Na5 17. Qe1 Qc8 18. cxd5 Nxd5 19. Bg5 Bxg5 20. Nxg5 h6 21. Nge4 Nb4 22. Nd6 Qb8 23. Qe4 Ra7 24. bxa4 Bd3 25. Qg4 Nac6 26. f4 Nd4 27. Bf3 Rxa4 28. N2e4 Ndc2 29. Nf6+ Kh8 30. Nd7 Ne3 31. Nxb8 Nxg4 32. Nd7 Ne3 33. Nxf8 Nxd1 34. Rxd1 Rxa2 35. Nd7 c4 36. Rc1 Ra3 37. Nxc4 Bxc4 38. Rxc4 Rxf3 39. Rc8+ Kh7 40. Nf8+ Kg8 41. Ng6+ 1-0

[Event "Preferente Aragonesa 2024 - Grupo II"]
[Site "?"]
[Date "2024.02.17"]
[Round "4.67"]
[White "Gonzalez Azuara, Javier"]
[Black "Jaime Galeano, Alcher"]
[Result "1/2-1/2"]
[WhiteElo "1707"]
[BlackElo "1787"]
[PlyCount "83"]
[GameId "2166508126576976"]
[EventDate "2024.01.27"]
[WhiteTeam "Helios B"]
[BlackTeam "MyInvestor Casablanca C"]

1. d4 d5 2. c4 e6 3. Nc3 Nf6 4. a3 Be7 5. c5 O-O 6. Bf4 c6 7. h3 Nbd7 8. Nf3 Re8 9. e3 b6 10. b4 a5 11. Be2 bxc5 12. bxc5 Ba6 13. O-O Qc8 14. Rb1 Bd8 15. Ne5 Nxe5 16. Bxe5 Nd7 17. Bg3 Bc7 18. Bxc7 Qxc7 19. Rb3 Bxe2 20. Qxe2 e5 21. Qd2 exd4 22. exd4 Rab8 23. Rfb1 Nf6 24. Rxb8 Rxb8 25. Rxb8+ Qxb8 26. Na4 Qb5 27. Qb2 Kf8 28. Qxb5 cxb5 29. Nc3 b4 30. axb4 axb4 31. Na4 Ne4 32. Kf1 Ke7 33. Ke2 Kd7 34. f3 Nf6 35. g4 g5 36. Kd3 Kc6 37. Kc2 Nd7 38. Kb3 Kb5 39. Nb6 Nxb6 40. cxb6 Kxb6 41. Kxb4 f6 42. Ka4 1/2-1/2

[Event "Preferente Aragonesa 2024 - Grupo II"]
[Site "?"]
[Date "2024.02.17"]
[Round "4.68"]
[White "Veras Sanz, Marino"]
[Black "Asensio Asensio, Nicolas"]
[Result "1-0"]
[WhiteElo "2009"]
[BlackElo "2028"]
[PlyCount "89"]
[GameId "2166508126622033"]
[EventDate "2024.01.27"]
[WhiteTeam "El Olivar B"]
[BlackTeam "Aulazenter"]

1. d4 d5 2. c4 e6 3. Nc3 Nf6 4. Bg5 Be7 5. cxd5 exd5 6. e3 O-O 7. Bd3 Nbd7 8. Nf3 Re8 9. Qc2 c6 10. h3 Nf8 11. O-O g6 12. Rab1 Ne6 13. Bh4 Ng7 14. b4 a6 15. a4 Bf5 16. b5 cxb5 17. axb5 a5 18. Bxf5 Nxf5 19. Bxf6 Bxf6 20. Qa2 Ne7 21. b6 Qd7 22. Rb5 Ra6 23. Rfb1 a4 24. Rc5 Rc8 25. Rxc8+ Nxc8 26. Nxd5 Bd8 27. Ne5 Qe6 28. e4 Bxb6 29. Nd7 Kg7 30. Nc5 Bxc5 31. dxc5 Qxe4 32. Qb2+ Kh6 33. Qd2+ Kg7 34. Re1 Qc4 35. Qb2+ Kh6 36. Ne3 a3 37. Qh8 Qd3 38. Ng4+ Kg5 39. Qxh7 Qd4 40. Qh6+ Kf5 41. Ne3+ Ke6 42. Nc2+ Qe5 43. Rxe5+ Kxe5 44. Qh8+ Ke4 45. Qxc8 1-0

[Event "Preferente Aragonesa 2024 - Grupo II"]
[Site "?"]
[Date "2024.02.17"]
[Round "4.69"]
[White "Conon, Catalin"]
[Black "Gracia Campo, Carlos Alberto"]
[Result "1-0"]
[WhiteElo "1893"]
[BlackElo "2007"]
[PlyCount "83"]
[GameId "2166508126654802"]
[EventDate "2024.01.27"]
[WhiteTeam "Aulazenter"]
[BlackTeam "El Olivar B"]

1. e4 d6 2. d4 Nf6 3. Nc3 g6 4. Nf3 Bg7 5. Be2 c6 6. O-O O-O 7. Re1 Qc7 8. e5 dxe5 9. Nxe5 Nbd7 10. Bf4 Nxe5 11. dxe5 Nd5 12. Nxd5 cxd5 13. c3 b6 14. Qxd5 Bb7 15. Qc4 Qxc4 16. Bxc4 Rfd8 17. Rad1 Bc6 18. f3 Kf8 19. Kf2 Ke8 20. h4 h6 21. g4 e6 22. Bg3 Rxd1 23. Rxd1 Rd8 24. Rxd8+ Kxd8 25. f4 a5 26. b4 axb4 27. cxb4 Bf8 28. a3 Be7 29. Ke3 Ke8 30. Bd3 Bd5 31. Be4 Bxe4 32. Kxe4 Kd7 33. Be1 b5 34. h5 gxh5 35. gxh5 Kc6 36. Bd2 Bf8 37. Be3 Bg7 38. Bc5 Kd7 39. f5 f6 40. Bd4 Ke7 41. fxe6 Kxe6 42. exf6 1-0

[Event "Preferente Aragonesa 2024 - Grupo II"]
[Site "?"]
[Date "2024.02.17"]
[Round "4.70"]
[White "Bailo Remacha, Santiago"]
[Black "Iravedra Ainkov, Francisco"]
[Result "0-1"]
[WhiteElo "1901"]
[BlackElo "1861"]
[PlyCount "88"]
[GameId "2166508126695763"]
[EventDate "2024.01.27"]
[WhiteTeam "El Olivar B"]
[BlackTeam "Aulazenter"]

1. c4 e5 2. Nc3 g6 3. b3 Bg7 4. Bb2 c5 5. g3 Nc6 6. Bg2 Nge7 7. d3 O-O 8. Nf3 d6 9. O-O f5 10. Nd5 e4 11. Bxg7 exf3 12. Bxf8 fxg2 13. Kxg2 Qxf8 14. f4 Nxd5 15. cxd5 Nd4 16. e3 Nb5 17. a4 Nc7 18. e4 Bd7 19. Qd2 Qf6 20. Rac1 b5 21. e5 dxe5 22. Rxc5 Qd6 23. Qc3 Na6 24. Rxb5 Bxb5 25. axb5 Qxd5+ 26. Kh3 Qxb5 27. fxe5 Rd8 28. Ra1 Qc5 29. Qc4+ Qxc4 30. dxc4 Nc5 31. b4 Nd3 32. e6 Nxb4 33. Rxa7 Re8 34. Rb7 Nc6 35. Rc7 Rxe6 36. Kh4 h6 37. Kh3 Ne5 38. Rc8+ Kf7 39. Rc7+ Kf6 40. Rc8 Rc6 41. Rh8 Rxc4 42. Ra8 Rc2 43. Rf8+ Kg5 44. Rg8 Ng4 0-1

[Event "Preferente Aragonesa 2024 - Grupo II"]
[Site "?"]
[Date "2024.02.17"]
[Round "4.71"]
[White "Morales Anadon, Tomas"]
[Black "Vega Cieloszyk, Diego Piotr"]
[Result "1-0"]
[WhiteElo "1643"]
[BlackElo "1405"]
[PlyCount "102"]
[GameId "2166508126789972"]
[EventDate "2024.01.27"]
[WhiteTeam "Aulazenter"]
[BlackTeam "El Olivar B"]

1. e4 e6 2. d4 d5 3. exd5 exd5 4. Bd3 Nc6 5. c3 Bd6 6. Qf3 Nf6 7. Bf4 Bg4 8. Qe3+ Ne7 9. Ne2 O-O 10. O-O Re8 11. Bxd6 Qxd6 12. Qd2 Ng6 13. f3 Bd7 14. Na3 a6 15. Nc2 Re7 16. Rae1 Rae8 17. Ng3 Nf4 18. Rxe7 Rxe7 19. Rf2 N6h5 20. Nxh5 Nxh5 21. Ne3 Nf4 22. Bf5 Bb5 23. g3 Ne6 24. Bd3 g6 25. Bxb5 axb5 26. Ng4 Ng7 27. Re2 Nf5 28. Kf2 h5 29. Ne5 Kg7 30. Qg5 Re8 31. a3 Qe7 32. Qxe7 Rxe7 33. Nd3 Rxe2+ 34. Kxe2 Kf6 35. Nc5 Nd6 36. Kd3 Nc4 37. b3 Nd6 38. Ke3 Nf5+ 39. Kd3 Nd6 40. Ke3 b6 41. Na6 c6 42. Nb8 Nf5+ 43. Kd3 Ne7 44. Nd7+ Kf5 45. Nxb6 g5 46. a4 bxa4 47. bxa4 c5 48. dxc5 Ke5 49. a5 Nc6 50. a6 f5 51. Nc8 h4 1-0

[Event "Campeonato de Aragon por Equipos 2024 - "]
[Site "?"]
[Date "2024.02.24"]
[Round "5.1"]
[White "Glavina, Pablo"]
[Black "Ramon Perez, Jose Luis"]
[Result "1-0"]
[WhiteElo "2406"]
[BlackElo "2189"]
[PlyCount "111"]
[GameId "2166508126835029"]
[EventDate "2024.01.27"]
[WhiteTeam "MyInvestor Casablanca A"]
[BlackTeam "Fraga"]

1. e4 c5 2. Nf3 d6 3. d4 cxd4 4. Nxd4 Nf6 5. Nc3 a6 6. Bc4 e6 7. a4 Be7 8. O-O O-O 9. Be3 Nc6 10. Qe2 Bd7 11. Rad1 Qc7 12. Kh1 Rac8 13. Bb3 Na5 14. Ba2 Nc4 15. Bc1 Rfe8 16. g4 g6 17. g5 Nh5 18. f4 Bf8 19. f5 Qc5 20. Qf2 Ne5 21. h3 Bg7 22. Be3 Qb4 23. Bb3 Rxc3 24. bxc3 Qxc3 25. f6 Bf8 26. Kg2 Qc7 27. Nf3 Nc4 28. Bc1 b5 29. axb5 axb5 30. Rfe1 Bc6 31. Nd4 Bd7 32. Ne2 Bc6 33. Nf4 Qb7 34. Qf3 Nxf4+ 35. Qxf4 Na5 36. Ba2 Ra8 37. h4 Nc4 38. Bb3 Na5 39. Rd3 Nxb3 40. cxb3 e5 41. Qf3 Ra2+ 42. Kg3 Rc2 43. Rd2 Rxd2 44. Bxd2 d5 45. h5 dxe4 46. Qe2 gxh5 47. Qxh5 Qd7 48. Be3 Qf5 49. Qg4 Qe6 50. Qxe6 fxe6 51. Rc1 Bd5 52. Rc8 Kf7 53. Rc7+ Kg6 54. b4 Bxb4 55. Rg7+ Kf5 56. f7 1-0

[Event "Campeonato de Aragon por Equipos 2024 - "]
[Site "?"]
[Date "2024.02.24"]
[Round "5.2"]
[White "Vallverdu Miret, Oscar"]
[Black "Adla, Diego"]
[Result "0-1"]
[WhiteElo "2084"]
[BlackElo "2383"]
[PlyCount "100"]
[GameId "2166508126871894"]
[EventDate "2024.01.27"]
[WhiteTeam "Fraga"]
[BlackTeam "MyInvestor Casablanca A"]

1. d4 Nf6 2. Bg5 c5 3. d5 Ne4 4. Bf4 d6 5. Nd2 Nf6 6. e4 e5 7. Bg5 h6 8. Bxf6 Qxf6 9. Bb5+ Nd7 10. Qf3 Qd8 11. Ne2 Be7 12. Ng3 g6 13. O-O O-O 14. a4 Bg5 15. Qd3 h5 16. a5 Nf6 17. a6 h4 18. axb7 Bxb7 19. Ne2 Bxd2 20. Qxd2 Nxe4 21. Qd3 Nf6 22. Bc6 Qc7 23. Nc3 a6 24. Bxb7 Qxb7 25. b3 Kg7 26. Ra4 Rh8 27. h3 Nd7 28. Rfa1 Nb6 29. Ra5 f5 30. Ne2 Rhe8 31. c4 Nd7 32. R1a3 Nf6 33. Qe3 Ne4 34. Nc3 Nxc3 35. Qxc3 f4 36. f3 Kh6 37. Qd3 Reb8 38. Qc3 Qc8 39. Qc2 Rb6 40. Qa2 Kg5 41. Rb5 Qb7 42. Rba5 Kf6 43. Qf2 Kg5 44. Qa2 Ra7 45. R5a4 a5 46. Kh2 Rb4 47. Rxa5 Rxa5 48. Rxa5 Rxb3 49. Ra7 Qb4 50. Qa6 Qe1 0-1

[Event "Campeonato de Aragon por Equipos 2024 - "]
[Site "?"]
[Date "2024.02.24"]
[Round "5.3"]
[White "Roldan Marques, Daniel"]
[Black "Casas Chine, German"]
[Result "1/2-1/2"]
[WhiteElo "2157"]
[BlackElo "1818"]
[PlyCount "73"]
[GameId "2166508126908759"]
[EventDate "2024.01.27"]
[WhiteTeam "MyInvestor Casablanca A"]
[BlackTeam "Fraga"]

1. d4 Nf6 2. c4 g6 3. Nc3 Bg7 4. e4 d6 5. Bg5 O-O 6. Qd2 c5 7. d5 Bd7 8. Bd3 Na6 9. Nf3 Ng4 10. O-O h6 11. Bf4 Kh7 12. Rae1 Ne5 13. Nxe5 dxe5 14. Be3 f5 15. f4 exf4 16. Bxf4 e5 17. dxe6 Bxe6 18. Nd5 Nb4 19. exf5 Bxf5 20. Bxf5 Rxf5 21. g4 Rf7 22. Nxb4 cxb4 23. Bd6 Rxf1+ 24. Rxf1 Qd7 25. h3 Rd8 26. c5 a5 27. Qd5 Rf8 28. b3 Rxf1+ 29. Kxf1 Qb5+ 30. Kf2 b6 31. h4 bxc5 32. Qxc5 Qd3 33. Be5 Qd2+ 34. Kf3 Qd3+ 35. Kf2 Qd2+ 36. Kf3 Qd3+ 37. Kf2 1/2-1/2

[Event "Campeonato de Aragon por Equipos 2024 - "]
[Site "?"]
[Date "2024.02.24"]
[Round "5.4"]
[White "Pallares Jover, Adrian"]
[Black "Antonano Fernandez-Quincoces, Avelino"]
[Result "0-1"]
[WhiteElo "1648"]
[BlackElo "1903"]
[PlyCount "74"]
[GameId "2166508126957912"]
[EventDate "2024.01.27"]
[WhiteTeam "Fraga"]
[BlackTeam "MyInvestor Casablanca A"]

1. e4 c5 2. c3 g6 3. d4 cxd4 4. cxd4 d5 5. exd5 Nf6 6. Nf3 Bg7 7. Bc4 O-O 8. Nc3 Nbd7 9. O-O Nb6 10. Qb3 Bf5 11. Ne5 Rc8 12. Re1 Nxc4 13. Nxc4 Nxd5 14. Ne3 Nxe3 15. fxe3 Qd7 16. d5 Rxc3 17. bxc3 Be4 18. h3 Bxd5 19. Rd1 Rd8 20. Qc2 Qc6 21. Bb2 Rc8 22. Qd2 e6 23. a3 Bb3 24. Rdc1 Qe4 25. Re1 Bd5 26. Rac1 Rc4 27. Qf2 Bh6 28. Re2 Qe5 29. Rf1 f5 30. Rfe1 Bg5 31. g3 Qe4 32. Kh2 h5 33. Rd2 h4 34. Rde2 Kg7 35. Rg1 Bf6 36. gxh4 Be5+ 37. Rg3 Qh1# 0-1

[Event "Campeonato de Aragon por Equipos 2024 - "]
[Site "?"]
[Date "2024.02.24"]
[Round "5.5"]
[White "Forcen Esteban, Daniel"]
[Black "Dominguez Bujeda, Jesus"]
[Result "1-0"]
[WhiteElo "2555"]
[BlackElo "2062"]
[PlyCount "55"]
[GameId "2166508127002969"]
[EventDate "2024.01.27"]
[WhiteTeam "Jaime Casas"]
[BlackTeam "Teruel"]

1. Nf3 c5 2. c4 g6 3. Nc3 Nc6 4. e3 Nf6 5. d4 cxd4 6. exd4 d5 7. cxd5 Nxd5 8. Bc4 Nb6 9. Bb5 Bg7 10. O-O O-O 11. Bxc6 bxc6 12. h3 Be6 13. Re1 Re8 14. Bf4 Nd5 15. Be5 Nxc3 16. bxc3 Bh6 17. Qc2 Qd5 18. Bg3 f6 19. Nh2 Bf5 20. Qe2 e5 21. dxe5 Bd3 22. Ng4 Bg5 23. Qb2 Rab8 24. Qa3 fxe5 25. Nxe5 Be7 26. Qa4 Bc5 27. Nxd3 Qxd3 28. Bxb8 1-0

[Event "Campeonato de Aragon por Equipos 2024 - "]
[Site "?"]
[Date "2024.02.24"]
[Round "5.6"]
[White "Martin Catalan, Juan Vicente"]
[Black "Fontana Sotomayor, Luis Javier"]
[Result "1/2-1/2"]
[WhiteElo "1914"]
[BlackElo "2209"]
[PlyCount "80"]
[GameId "2166508127039834"]
[EventDate "2024.01.27"]
[WhiteTeam "Teruel"]
[BlackTeam "Jaime Casas"]

1. d4 d5 2. Bf4 Nf6 3. e3 g6 4. c4 Bg7 5. Nc3 c6 6. Nf3 O-O 7. Be2 dxc4 8. Bxc4 Bg4 9. O-O Nbd7 10. h3 Bxf3 11. Qxf3 Qa5 12. Qe2 Rfe8 13. Rfd1 e5 14. dxe5 Nxe5 15. Bb3 b5 16. Rd6 Rac8 17. Rad1 b4 18. Na4 Qb5 19. Kf1 Qxe2+ 20. Kxe2 c5 21. Bxe5 Rxe5 22. Rd8+ Re8 23. Rxe8+ Nxe8 24. Bc4 Nf6 25. Ba6 Rc7 26. Rd8+ Bf8 27. b3 Ne4 28. f3 Nd6 29. Nb2 Kg7 30. Bd3 Be7 31. Rb8 f5 32. Nc4 Rb7 33. Rxb7 Nxb7 34. f4 h5 35. e4 fxe4 36. Bxe4 Nd6 37. Nxd6 Bxd6 38. Kf3 Kf6 39. g4 hxg4+ 40. hxg4 g5 1/2-1/2

[Event "Campeonato de Aragon por Equipos 2024 - "]
[Site "?"]
[Date "2024.02.24"]
[Round "5.7"]
[White "Gimenez Martinez, Alberto"]
[Black "Navarro Remon, Mario"]
[Result "1-0"]
[WhiteElo "2166"]
[BlackElo "1864"]
[PlyCount "89"]
[GameId "2166508127072603"]
[EventDate "2024.01.27"]
[WhiteTeam "Jaime Casas"]
[BlackTeam "Teruel"]

1. e4 c5 2. Nf3 g6 3. d4 cxd4 4. Nxd4 Nc6 5. Nc3 Bg7 6. Be3 Nf6 7. Bc4 O-O 8. Bb3 d6 9. f3 Nxd4 10. Bxd4 Bd7 11. Qd3 Qa5 12. O-O-O Qg5+ 13. Kb1 Qxg2 14. h4 e5 15. Rdg1 Qxh1 16. Rxh1 exd4 17. Qxd4 Rfd8 18. Qxd6 Be6 19. Qh2 Rac8 20. Qe2 Rc5 21. Nd1 Nh5 22. Qe3 Rdc8 23. c3 Be5 24. Nf2 Bf4 25. Qd4 Be5 26. Qd2 Bf4 27. Qc2 R5c6 28. Nd3 Bg3 29. Qe2 Rd8 30. Bxe6 fxe6 31. Nb4 Rcd6 32. Qb5 R8d7 33. a4 a6 34. Qc4 Kf7 35. Nc2 Rc6 36. Qb3 Bc7 37. Qxb7 Rb6 38. Qc8 Nf6 39. Ne3 Bf4 40. Ng4 Rdb7 41. b4 Rc7 42. Qd8 Nxg4 43. fxg4 Rbc6 44. Rh3 Be5 45. Rf3+ 1-0

[Event "Campeonato de Aragon por Equipos 2024 - "]
[Site "?"]
[Date "2024.02.24"]
[Round "5.8"]
[White "Vela Frago, Alberto"]
[Black "Romero Pallares, Daniel"]
[Result "0-1"]
[WhiteElo "2310"]
[BlackElo "2296"]
[PlyCount "54"]
[GameId "2166508127117660"]
[EventDate "2024.01.27"]
[WhiteTeam "MyInvestor Casablanca B"]
[BlackTeam "Palacio De Pioneros"]

1. c4 Nf6 2. Nc3 g6 3. e4 d6 4. d4 Bg7 5. Be2 O-O 6. Bg5 h6 7. Be3 Nbd7 8. Qd2 Kh7 9. h4 e5 10. d5 Nc5 11. f3 Nh5 12. g4 Nf4 13. b4 Na6 14. Rb1 Ng2+ 15. Kf2 Nxe3 16. Qxe3 Bf6 17. Kg3 Be7 18. Bd3 c5 19. a3 b6 20. Nge2 Nc7 21. Qd2 Ne8 22. Rbf1 Ng7 23. f4 exf4+ 24. Nxf4 Bf6 25. e5 Bxe5 26. h5 Qg5 27. Rh4 Nxh5+ 0-1

[Event "Campeonato de Aragon por Equipos 2024 - "]
[Site "?"]
[Date "2024.02.24"]
[Round "5.9"]
[White "Garcia Gracia, Victor Hugo"]
[Black "Lorente Melcon, Maximo"]
[Result "1/2-1/2"]
[WhiteElo "2171"]
[BlackElo "2137"]
[PlyCount "71"]
[GameId "2166508127207773"]
[EventDate "2024.01.27"]
[WhiteTeam "Palacio De Pioneros"]
[BlackTeam "MyInvestor Casablanca B"]

1. e4 e5 2. Nf3 Nc6 3. Bc4 Nf6 4. d3 Bc5 5. O-O h6 6. a3 d6 7. Be3 Bb6 8. h3 O-O 9. Nc3 Re8 10. Re1 Be6 11. Bxe6 Rxe6 12. Nd5 Ne7 13. Bxb6 axb6 14. Ne3 Qd7 15. c4 Rd8 16. Nh4 g6 17. Qd2 Kh7 18. Nd5 Nfxd5 19. cxd5 Rf6 20. d4 g5 21. Nf3 Rxf3 22. gxf3 Qxh3 23. Re3 Rg8 24. dxe5 dxe5 25. Rc1 Ng6 26. f4 Qh4 27. f5 Nf4 28. Rxc7 Qg4+ 29. Rg3 Ne2+ 30. Kf1 Nxg3+ 31. fxg3 Qf3+ 32. Qf2 Qh1+ 33. Qg1 Qf3+ 34. Qf2 Qh1+ 35. Qg1 Qf3+ 36. Qf2 1/2-1/2

[Event "Campeonato de Aragon por Equipos 2024 - "]
[Site "?"]
[Date "2024.02.24"]
[Round "5.10"]
[White "Felipo Martinez, Marcos"]
[Black "Lacruz Algarate, Alvaro"]
[Result "0-1"]
[WhiteElo "2033"]
[BlackElo "2114"]
[PlyCount "62"]
[GameId "2166508127244638"]
[EventDate "2024.01.27"]
[WhiteTeam "MyInvestor Casablanca B"]
[BlackTeam "Palacio De Pioneros"]

1. d4 Nf6 2. Nf3 e6 3. g3 Be7 4. Bg2 O-O 5. O-O b5 6. c3 Bb7 7. Bg5 d6 8. Nbd2 Nbd7 9. Re1 h6 10. Bxf6 Bxf6 11. e4 c5 12. Qb3 Qb6 13. a4 a6 14. axb5 axb5 15. dxc5 Nxc5 16. Qc2 Rfc8 17. Rxa8 Bxa8 18. Rd1 Qb8 19. Rc1 b4 20. e5 b3 21. Qb1 dxe5 22. Re1 e4 23. Nd4 Bxd4 24. cxd4 Nd3 25. Bxe4 Bxe4 26. Nxe4 Nxe1 27. Qxe1 Rc2 28. Qa1 Qb4 29. Qa8+ Kh7 30. Kg2 Qxd4 31. Qb7 Qd5 0-1

[Event "Campeonato de Aragon por Equipos 2024 - "]
[Site "?"]
[Date "2024.02.24"]
[Round "5.11"]
[White "Climente Martinez, Jose Luis"]
[Black "Ruiz Fernandez, Daniel"]
[Result "1-0"]
[WhiteElo "2037"]
[BlackElo "2031"]
[PlyCount "67"]
[GameId "2166508127281503"]
[EventDate "2024.01.27"]
[WhiteTeam "Palacio De Pioneros"]
[BlackTeam "MyInvestor Casablanca B"]

1. d4 Nf6 2. c4 e6 3. Nf3 d5 4. g3 Bb4+ 5. Bd2 a5 6. Bg2 O-O 7. O-O dxc4 8. Qc2 Bxd2 9. Nbxd2 b5 10. Ng5 c6 11. Rfd1 h6 12. Nge4 Nd5 13. Nc5 Qe7 14. a3 e5 15. e3 Bg4 16. Re1 Re8 17. f4 Nd7 18. Nxd7 Qxd7 19. fxe5 Rad8 20. Ne4 Bf5 21. Qf2 Bxe4 22. Bxe4 g6 23. Rf1 Re7 24. Rae1 Qe6 25. Qd2 Ra7 26. Bg2 Ne7 27. Rf6 Qg4 28. Qf2 Nf5 29. h3 Qg5 30. Kh2 c5 31. d5 Re8 32. h4 Qg4 33. e4 Ng7 34. e6 1-0

[Event "Campeonato de Aragon por Equipos 2024 - "]
[Site "?"]
[Date "2024.02.24"]
[Round "5.12"]
[White "Del Rey, Diego"]
[Black "Lopez Caudevilla, David"]
[Result "1-0"]
[WhiteElo "2302"]
[BlackElo "2180"]
[PlyCount "129"]
[GameId "2166508127318368"]
[EventDate "2024.01.27"]
[WhiteTeam "El Olivar"]
[BlackTeam "Actur Rey Fernando"]

1. d4 g6 2. c4 Bg7 3. e4 d6 4. Nc3 Nd7 5. Nge2 e5 6. d5 Ngf6 7. Ng3 a5 8. Be2 Nc5 9. O-O h5 10. Bg5 h4 11. Nh1 h3 12. g3 Bh6 13. Bxh6 Rxh6 14. Qd2 Rh7 15. f3 Bd7 16. Nf2 Nh5 17. Nd3 Nxd3 18. Bxd3 Qe7 19. Nb5 Bxb5 20. cxb5 b6 21. Rac1 Nf6 22. Rc3 Ra7 23. Rfc1 Kd8 24. Ra3 Nd7 25. b4 Rb7 26. bxa5 Nc5 27. axb6 cxb6 28. Ra8+ Kd7 29. Rc3 Qf6 30. Be2 Rh8 31. Rca3 Rc7 32. Qe3 Rxa8 33. Rxa8 g5 34. Bf1 g4 35. fxg4 Qg6 36. g5 Qxe4 37. Qf2 Qd4 38. Bxh3+ Ke7 39. Qxd4 exd4 40. Bf5 Nd7 41. Kf2 Ne5 42. Ra3 Rc5 43. h4 Rxd5 44. Bd3 Nxd3+ 45. Rxd3 Ke6 46. a4 Ke5 47. Rb3 Ke4 48. Ke2 Rc5 49. Kd2 Rc7 50. Rb1 Ra7 51. Rb4 Ra8 52. Rc4 Ra7 53. g4 Ra8 54. Rc7 Rxa4 55. Re7+ Kd5 56. Rxf7 Ra2+ 57. Kd3 Ra3+ 58. Ke2 Ra2+ 59. Kf3 Ra3+ 60. Kf4 d3 61. Ke3 Ra4 62. Rf5+ Ke6 63. g6 d2 64. Kxd2 Ra7 65. h5 1-0